El sabio y la política

Bewaard in:
Bibliografische gegevens
Hoofdauteur: Weber, Max (Auteur)
Formaat: Boek
Taal:Spaans
Gepubliceerd in: Córdoba Universidad Nacional de Córdoba 2008
Editie:1a. ed
Onderwerpen:
Tags: Voeg label toe
Geen labels, Wees de eerste die dit record labelt!

MARC

LEADER 00000cam a2200000 a 4500
001 UCG8395
003 CL-VaPUC
008 111202e20080000AG |||||||||||||||||spa|d
020 |a 9789871432134 
082 0 4 |a 320.01  |b WEB  |2 21 
100 0 |a Weber, Max  |e author  |9 314708 
245 1 3 |a El sabio y la política 
250 |a 1a. ed 
300 |a 170 p 
942 |c BK 
945 |d 20111202 00:00:00  |a dcastane 
260 |a Córdoba  |b Universidad Nacional de Córdoba  |c 2008 
650 0 |a Ciencias Políticas  |9 255201 
650 7 |a FILOSOFIA POLITICA  |2 CL-VaPUC  |9 559402 
650 0 |a Políticos   |9 256302 
650 7 |a COMPORTAMIENTO POLITICO  |2 CL-VaPUC  |9 335468 
650 0 |a Sociología   |9 255410 
583 |a last modification  |c 20111202 14:14:00  |k Rodrigo Vera 
999 |c 346005  |d 346003 
952 |0 0  |1 0  |4 0  |6 320_010000000000000_WEB_2008  |7 0  |8 A  |9 446426  |a BIBEDU  |b BIBEDU  |d 2019-11-22  |i 4805399  |o 320.01 WEB 2008  |p 4805399  |r 2019-11-22  |w 2019-11-22  |y BK  |k FIL